00829nam a22002297a 4500010001300000020001100013035001300024037001800037040001200055082001900067100002200086245010400108260003800212270005400250300001900304650002700323650004600350700002100396942002800417999001900445952013500464 aA-997067 c650.00 aA-997067 bCen Lib / Ret aDPLbEN a346.54048bVAS aVashishth, Vikas  aBharat's law & practice of intellectual property in India /cby Vikas Vashishth [and] V. K. Agarwal aNew DlehibBharat Law Housec1999 a222, Tarun Enclave, Pitampura bNew Delhie110034 a767pb24cm(Hb) aIntellectual property. aIntellectual property (International law) aAgarwal, V. K.  2ddccENh346.54048mVAS c136867d136867 00102ddc4070aLbLd2016-03-11eCen Lib/Retg650.00l0o346.54048 VASpA-997067r2016-03-11 00:00:00t1v650.00w2016-03-11yEN